Release of nitrogen from feace andurine of cattle fed from different diets under net house condition ការបញ្ចេញអាសូតពីលាមក និងទឹកនោមគោបានពីចំណីផ្សេងៗគ្នាក្រោមលក្ខខណ្ឌផ្ទះសំណាញ់ (Record no. 1174)

000 -LEADER
fixed length control field 00680nam a22001337a 4500
040 ## - CATALOGING SOURCE
Transcribing agency RUA
082 ## - DEWEY DECIMAL CLASSIFICATION NUMBER
Classification number AGR ROE 2012 B041 Or.1
100 ## - MAIN ENTRY--AUTHOR NAME
Personal name ROEM, SOMVICHEA.
245 ## - TITLE STATEMENT
Title Release of nitrogen from feace andurine of cattle fed from different diets under net house condition ការបញ្ចេញអាសូតពីលាមក និងទឹកនោមគោបានពីចំណីផ្សេងៗគ្នាក្រោមលក្ខខណ្ឌផ្ទះសំណាញ់
260 ## - PUBLICATION, DISTRIBUTION, ETC. (IMPRINT)
Place of publication Phnom Penh
Name of publisher RUA
Year of publication 2012
300 ## - PHYSICAL DESCRIPTION
Number of Pages viii; 40p.
Other physical details ill.
Dimensions 29cm.
856 ## - ELECTRONIC LOCATION AND ACCESS
Uniform Resource Identifier https://drive.google.com/file/d/1xi2NNKHrNhGWenAEjZoI1U1zS9MbN-g7/view?usp=sharing
942 ## - ADDED ENTRY ELEMENTS (KOHA)
Koha item type AGR
952 ## - LOCATION AND ITEM INFORMATION (KOHA)
Withdrawn status [LOCAL, KOHA] 0
952 ## - LOCATION AND ITEM INFORMATION (KOHA)
Withdrawn status [LOCAL, KOHA] 0
952 ## - LOCATION AND ITEM INFORMATION (KOHA)
Withdrawn status [LOCAL, KOHA] 0
952 ## - LOCATION AND ITEM INFORMATION (KOHA)
Withdrawn status [LOCAL, KOHA] 0
952 ## - LOCATION AND ITEM INFORMATION (KOHA)
Withdrawn status [LOCAL, KOHA] 0
952 ## - LOCATION AND ITEM INFORMATION (KOHA)
Withdrawn status [LOCAL, KOHA] 0
952 ## - LOCATION AND ITEM INFORMATION (KOHA)
Withdrawn status [LOCAL, KOHA] 0
952 ## - LOCATION AND ITEM INFORMATION (KOHA)
Withdrawn status [LOCAL, KOHA] 0
952 ## - LOCATION AND ITEM INFORMATION (KOHA)
Withdrawn status [LOCAL, KOHA] 0
Holdings
Permanent Location Date acquired Koha item type Lost status Shelving location Barcode Current Location Full call number
Library Block B2015-09-24AGR B051RUA000525Library Block BAGR ROE 2012 B051 Or.1
Library Block B2015-09-24AGR B051RUA000524Library Block BAGR ROE 2012 B051 Or.2
Library Block B2015-09-24AGR B051RUA000596Library Block BAGR ROE 2012 B051 Or.3
Library Block B2015-09-24AGR B051RUA000597Library Block BAGR ROE 2012 B051 Or.4
Library Block B2015-09-24AGR B051RUA000598Library Block BAGR ROE 2012 B051 Or.5
Library Block B2015-09-25AGR  RUA005543Library Block BAGR ROE 2012 B051 Or.6
Library Block B2015-09-25AGR  RUA005617Library Block BAGR ROE 2012 B051 Or.7
Library Block B2015-09-25AGR B051RUA009573Library Block BAGR ROE 2012 B051 Or.8
Library Block B2023-11-14AGR  RUA000599Library Block BAGR ROE 2012 B041 Or.1
មជ្ឈមណ្ឌលឯការនៃសាកលវិទ្យាល័យភូមិន្ទកសិកម្មចំការដូង

Powered by Koha